Advanced technology in internal mixers (Record no. 53865)

MARC details
000 -LEADER
fixed length control field 00295nam a2200121Ia 4500
100 ## - MAIN ENTRY--AUTHOR NAME
Personal name Nekola Ken
245 #0 - TITLE STATEMENT
Title Advanced technology in internal mixers
260 ## - PUBLICATION, DISTRIBUTION, ETC. (IMPRINT)
Name of publisher Rubber World
Year of publication 1992
300 ## - PHYSICAL DESCRIPTION
Number of Pages P 34-7
700 ## - ADDED ENTRY--PERSONAL NAME
Personal name Asada Mitch
942 ## - ADDED ENTRY ELEMENTS (KOHA)
Koha item type Journals
Holdings
Withdrawn status Lost status Damaged status Not for loan Home library Current library Date acquired Serial Enumeration / chronology Koha item type
      Journals RRII Library RRII Library 17/12/2021 Volume 205, Issue 5 Journals